[Event "30.Schlosspark-Open"]
[Site "Wiesbaden-Biebrich"]
[Date "2018.08.24"]
[Round "2.30"]
[White "Steimbach, Isabel"]
[Black "Flach, Erich"]
[Result "1-0"]
[WhiteElo "1957"]
[BlackElo "2127"]
[PlyCount "64"]
[EventDate "2018.??.??"]
[WhiteTeam "OSG Baden-Baden"]
[BlackTeam "SK Langen"]

1. e4 c5 2. c3 Nf6 3. e5 Nd5 4. Bc4 Nb6 5. Bb3 d5 6. exd6 Qxd6 7. Nf3 c4 8. Bc2
Qe6+ 9. Qe2 Qxe2+ 10. Kxe2 f6 11. Re1 e5 12. Kf1 Nc6 13. b3 Bd7 14. bxc4 Nxc4
15. Bb3 N6a5 16. d4 O-O-O 17. dxe5 Nxe5 18. Nxe5 fxe5 19. Bg5 Re8 20. Bf7 Bb5+
21. Kg1 Bc5 22. Bxe8 Rxe8 23. Nd2 Bd3 24. Ne4 Ba3 25. Rad1 Bc4 26. Nd6+ Bxd6
27. Rxd6 Kc7 28. Red1 Nc6 29. Rd7+ Kc8 30. Rxg7 Bxa2 31. Rdd7 Na5 32. Rxh7 Bc4
1-0

[Event "30.Schlosspark-Open"]
[Site "Wiesbaden-Biebrich"]
[Date "2018.08.24"]
[Round "2.31"]
[White "Bauer, Claus"]
[Black "Lagaras, Stylianos"]
[Result "0-1"]
[WhiteElo "2121"]
[BlackElo "1934"]
[PlyCount "65"]
[EventDate "2018.??.??"]
[WhiteTeam "SF Mainz"]
[BlackTeam "vereinslos"]

1. d4 Nf6 2. Nf3 d5 3. e3 c5 4. dxc5 e6 5. a3 Bxc5 6. c4 O-O 7. b4 Be7 8. Bb2
a5 9. b5 Nbd7 10. Nbd2 b6 11. Be2 Bb7 12. O-O Rc8 13. Rc1 Rc7 14. Rc2 Qa8 15.
Qa1 Rfc8 16. Rfc1 Bf8 17. Bf1 Ne4 18. Qb1 Ndc5 19. cxd5 Bxd5 20. Nc4 Qb7 21.
Be5 Rd7 22. Ba1 f6 23. Ne1 a4 24. f3 Nd6 25. Nxd6 Bxd6 26. Bc4 Qb8 27. h3 Bxc4
28. Rxc4 Rcd8 29. Rh4 h6 30. Qg6 Be5 31. Rxh6 Nb3 32. Bxe5 Qxe5 33. Rc6 0-1

[Event "30.Schlosspark-Open"]
[Site "Wiesbaden-Biebrich"]
[Date "2018.08.24"]
[Round "2.32"]
[White "Haasner, Tom"]
[Black "Puschendorf, Steffen"]
[Result "0-1"]
[WhiteElo "1950"]
[BlackElo "2118"]
[PlyCount "66"]
[EventDate "2018.??.??"]
[WhiteTeam "TSV Rottendorf"]
[BlackTeam "ESV Gera"]

1. d4 d5 2. Bf4 e6 3. e3 Nf6 4. Nd2 c5 5. c3 Nc6 6. Ngf3 cxd4 7. exd4 Nh5 8.
Be3 Bd6 9. Ne5 g6 10. g4 Ng7 11. h4 h5 12. Bg5 Be7 13. Bxe7 Qxe7 14. g5 Nxe5
15. dxe5 Bd7 16. Nf3 O-O 17. Nd4 a6 18. a4 b5 19. Bd3 bxa4 20. Qe2 Bb5 21. Bxb5
axb5 22. Nxb5 Nf5 23. Nd4 Nxd4 24. cxd4 Qb4+ 25. Qd2 Rfb8 26. Qxb4 Rxb4 27.
O-O-O Rab8 28. Rd2 a3 29. Rh3 axb2+ 30. Kb1 Rc4 31. Rxb2 Rxb2+ 32. Kxb2 Rxd4
33. Kc3 Re4 0-1

[Event "30.Schlosspark-Open"]
[Site "Wiesbaden-Biebrich"]
[Date "2018.08.24"]
[Round "2.33"]
[White "Kummer, Wolfram"]
[Black "Artola Pola, Gerardo"]
[Result "0-1"]
[WhiteElo "2108"]
[BlackElo "1927"]
[PlyCount "84"]
[EventDate "2018.??.??"]
[WhiteTeam "Godesberger SK"]
[BlackTeam "Frankfurter TV"]

1. e4 d6 2. d4 Nf6 3. Nc3 g6 4. f3 a6 5. Be3 b5 6. a3 Bb7 7. Qd2 Nbd7 8. h4 Nb6
9. b3 Bg7 10. Rd1 O-O 11. Bh6 e5 12. dxe5 dxe5 13. Qg5 Qe7 14. h5 Bxh6 15. Qxh6
Qxa3 16. g4 Qc5 17. Nge2 a5 18. Qg5 Nbd7 19. Qh6 Rfd8 20. hxg6 fxg6 21. g5 Nh5
22. Rxh5 gxh5 23. Qe6+ Kh8 24. Rxd7 Rxd7 25. Qxd7 b4 26. Na4 Qd6 27. Qf7 Rg8
28. Qxh5 Qe7 29. Bh3 Rxg5 30. Qh6 Rg6 31. Qe3 Qh4+ 32. Kd2 Qxh3 33. Qa7 Qh6+
34. Ke1 Qh1+ 35. Kd2 Rd6+ 36. Ke3 Qh6+ 37. Kf2 Qh4+ 38. Ke3 Qg5+ 39. Kf2 Ba6
40. Qxc7 Rd2 41. Qb8+ Rd8 42. Qc7 Bxe2 0-1

[Event "30.Schlosspark-Open"]
[Site "Wiesbaden-Biebrich"]
[Date "2018.08.24"]
[Round "2.34"]
[White "Rump, Andreas"]
[Black "Scheitz, Michael"]
[Result "1/2-1/2"]
[WhiteElo "1936"]
[BlackElo "2092"]
[PlyCount "74"]
[EventDate "2018.??.??"]
[WhiteTeam "SG Idstein"]
[BlackTeam "Wiesbadener SV"]

1. d4 d5 2. c4 e6 3. Nf3 Nf6 4. e3 Be7 5. Be2 O-O 6. O-O b6 7. Nc3 Bb7 8. b3 c5
9. Bb2 cxd4 10. exd4 Nc6 11. Ne5 dxc4 12. Nxc6 Bxc6 13. bxc4 Qd6 14. Qd2 Rac8
15. Rfd1 Rfd8 16. Qe3 Bb7 17. Rd2 Ba6 18. Nb5 Bxb5 19. cxb5 Nd5 20. Qb3 Rc7 21.
Rc2 Rdc8 22. Rac1 Bf6 23. Bf3 g6 24. g3 Rxc2 25. Rxc2 Rxc2 26. Qxc2 Qc7 27. Qc6
Qxc6 28. bxc6 Nc7 29. Kf1 Kf8 30. Ke2 Ke8 31. Kd3 Kd8 32. a4 a6 33. Bc1 b5 34.
axb5 axb5 35. Ba3 Nd5 36. Bxd5 exd5 37. Bd6 b4 1/2-1/2

[Event "30.Schlosspark-Open"]
[Site "Wiesbaden-Biebrich"]
[Date "2018.08.24"]
[Round "2.36"]
[White "Gries, Volker"]
[Black "Kobs, Stephan"]
[Result "1/2-1/2"]
[WhiteElo "2071"]
[BlackElo "1926"]
[PlyCount "79"]
[EventDate "2018.??.??"]
[WhiteTeam "SV Oberursel"]
[BlackTeam "SV Esens"]

1. e4 c5 2. Nf3 Nc6 3. Bb5 g6 4. Bxc6 dxc6 5. d3 Bg7 6. O-O Nf6 7. h3 O-O 8.
Nc3 Nd7 9. Ne2 e5 10. c3 Qe7 11. Qb3 Nf6 12. Qa3 Re8 13. Ng3 b6 14. Be3 h6 15.
Rad1 Qc7 16. b3 a5 17. Rfe1 Ba6 18. Qc1 Kh7 19. d4 cxd4 20. cxd4 exd4 21. Bf4
Qb7 22. e5 Nd5 23. Nxd4 Nxf4 24. Qxf4 c5 25. Nf3 Rad8 26. Rxd8 Rxd8 27. Ne4 Qe7
28. g4 Bb7 29. g5 h5 30. Re3 Bxe4 31. Rxe4 Qe6 32. Kg2 Rd1 33. Nd2 Qd5 34. Nc4
Rd4 35. f3 Rxe4 36. Qxe4 Qxe4 37. fxe4 b5 38. Nd6 Bxe5 39. Nxb5 Kg7 40. Na3
1/2-1/2

[Event "30.Schlosspark-Open"]
[Site "Wiesbaden-Biebrich"]
[Date "2018.08.24"]
[Round "2.37"]
[White "Li, Maxim"]
[Black "Held, Carsten"]
[Result "1-0"]
[WhiteElo "1851"]
[BlackElo "2070"]
[PlyCount "67"]
[EventDate "2018.??.??"]
[WhiteTeam "Wiesbadener SV"]
[BlackTeam "SC Ladja Rossdorf"]

1. e4 c5 2. Nc3 g6 3. f4 Bg7 4. Nf3 Nc6 5. Bb5 Nd4 6. Nxd4 cxd4 7. Ne2 Nh6 8.
O-O Qb6 9. Bd3 f5 10. Kh1 d6 11. c3 dxc3 12. bxc3 Ng4 13. Qe1 O-O 14. Ng3 e6
15. Ba3 Qd8 16. h3 Nh6 17. Bc2 Re8 18. Bb3 Kh8 19. d4 b6 20. Rd1 d5 21. exd5
exd5 22. Qf2 Bb7 23. Ba4 Re6 24. Rfe1 Rxe1+ 25. Rxe1 b5 26. Bxb5 Qa5 27. Qb2
Bxd4 28. Re7 Bxc3 29. Qb3 Bd4 30. Bb2 Qd2 31. Bxd4+ Qxd4 32. Rxb7 Qxf4 33. Qxd5
Qxg3 34. Qd4+ 1-0

[Event "30.Schlosspark-Open"]
[Site "Wiesbaden-Biebrich"]
[Date "2018.08.24"]
[Round "2.38"]
[White "Krischak, Werner"]
[Black "Gitsis, Christos"]
[Result "0-1"]
[WhiteElo "1730"]
[BlackElo "2013"]
[PlyCount "46"]
[EventDate "2018.??.??"]
[WhiteTeam "SK Marburg"]
[BlackTeam "SF Mainz"]

1. d4 Nf6 2. Nf3 e6 3. c4 b6 4. Nc3 Bb4 5. Bg5 Bb7 6. e3 h6 7. Bh4 c5 8. Rc1 d6
9. Bd3 Nbd7 10. O-O Bxc3 11. Rxc3 O-O 12. e4 cxd4 13. Nxd4 Ne5 14. Re1 Rc8 15.
b3 a6 16. Qd2 Ng6 17. Bg3 Nh5 18. Bb1 Nxg3 19. Rxg3 Qf6 20. Ree3 Nf4 21. Ref3
Qxd4 22. Bd3 Nxd3 23. Rxd3 Qa1+ 0-1

[Event "30.Schlosspark-Open"]
[Site "Wiesbaden-Biebrich"]
[Date "2018.08.24"]
[Round "2.39"]
[White "Bischoff, Ulrich"]
[Black "Meding, Olaf"]
[Result "1-0"]
[WhiteElo "2057"]
[BlackElo "1779"]
[PlyCount "75"]
[EventDate "2018.??.??"]
[WhiteTeam "Sfr. Erbach"]
[BlackTeam "SF Mainz"]

1. d4 d5 2. c4 e6 3. Nf3 c6 4. g3 Nf6 5. Bg2 Nbd7 6. O-O Be7 7. Qc2 O-O 8. Rd1
b6 9. cxd5 cxd5 10. Nc3 Ba6 11. Bf4 b5 12. a3 Rc8 13. Qb3 Qb6 14. e3 Nh5 15.
Bf1 Nxf4 16. gxf4 Rb8 17. a4 b4 18. Nb5 Qb7 19. Rdc1 Rfc8 20. Qd1 Nf6 21. Ne5
Ne4 22. Rxc8+ Rxc8 23. Rc1 Rxc1 24. Qxc1 f6 25. Nc6 Bxb5 26. axb5 Nd6 27. Qc5
Bf8 28. Qxa7 Qxa7 29. Nxa7 Nc4 30. Nc8 Nd6 31. b6 Nb7 32. Ba6 Nd6 33. b7 Nxb7
34. Bxb7 Kf7 35. Bc6 Kg6 36. Kg2 h5 37. Be8+ Kh6 38. Bf7 1-0

[Event "30.Schlosspark-Open"]
[Site "Wiesbaden-Biebrich"]
[Date "2018.08.24"]
[Round "2.40"]
[White "Schmitt, Clemens"]
[Black "Menning, Uwe"]
[Result "1/2-1/2"]
[WhiteElo "1711"]
[BlackElo "2047"]
[PlyCount "40"]
[EventDate "2018.??.??"]
[WhiteTeam "SV Bergwinkel"]
[BlackTeam "FC Bierstadt"]

1. c4 Nf6 2. g3 d5 3. cxd5 Nxd5 4. Bg2 c6 5. Nc3 e6 6. Nf3 Be7 7. d3 O-O 8. O-O
Nd7 9. e4 Nxc3 10. bxc3 b6 11. Qc2 Ba6 12. Rd1 c5 13. Bf4 Bb7 14. d4 cxd4 15.
cxd4 Nf6 16. Ne5 Rc8 17. Qe2 Nd7 18. Nf3 Nf6 19. Ne5 Nd7 20. Nf3 Nf6 1/2-1/2

[Event "30.Schlosspark-Open"]
[Site "Wiesbaden-Biebrich"]
[Date "2018.08.24"]
[Round "2.41"]
[White "Neukirchner, Pascal"]
[Black "Schoeber, Sebastian"]
[Result "1-0"]
[WhiteElo "2303"]
[BlackElo "1846"]
[PlyCount "119"]
[EventDate "2018.??.??"]
[WhiteTeam "SK Gruendau"]
[BlackTeam "Wiesbadener SV"]

1. d4 d5 2. c4 c6 3. Nf3 Nf6 4. e3 a6 5. Nbd2 Bf5 6. Nh4 Bg6 7. Be2 Nbd7 8. O-O
e5 9. dxe5 Nxe5 10. f4 Nxc4 11. Nxc4 dxc4 12. Nxg6 hxg6 13. Bxc4 b5 14. Qxd8+
Rxd8 15. Be2 Bc5 16. Bf3 Nd5 17. Rd1 Ke7 18. Bxd5 Rxd5 19. Rxd5 cxd5 20. h3 f5
21. Bd2 d4 22. Kf2 dxe3+ 23. Bxe3 Bxe3+ 24. Kxe3 Rc8 25. Re1 Rc4 26. Kd3+ Kf6
27. g3 g5 28. b3 Rc6 29. Re8 gxf4 30. gxf4 Rc1 31. Ra8 Rd1+ 32. Kc3 Rd6 33. Kb4
Rd4+ 34. Kc5 Rxf4 35. Rxa6+ Kg5 36. Kxb5 Rh4 37. Ra7 Kf6 38. Ra6+ Kg5 39. Kc5
Rxh3 40. b4 Re3 41. b5 f4 42. b6 Re5+ 43. Kd6 Rb5 44. a4 Rb3 45. Ra5+ Kg4 46.
Rb5 Rxb5 47. axb5 f3 48. b7 f2 49. b8=Q f1=Q 50. Qc8+ Kh5 51. Qh8+ Kg6 52. Qe8+
Kh6 53. b6 Qd3+ 54. Kc7 Qg3+ 55. Kc8 Qd6 56. Qe3+ g5 57. b7 Qf8+ 58. Kd7 Qb8
59. Qe6+ Kg7 60. Qe7+ 1-0

[Event "30.Schlosspark-Open"]
[Site "Wiesbaden-Biebrich"]
[Date "2018.08.24"]
[Round "2.42"]
[White "Ebert, Wolfgang"]
[Black "Modric, Vladimir"]
[Result "1/2-1/2"]
[WhiteElo "2180"]
[BlackElo "1867"]
[PlyCount "48"]
[EventDate "2018.??.??"]
[WhiteTeam "Schachforum Darmstadt"]
[BlackTeam "SC Nied"]

1. e4 Nf6 2. e5 Nd5 3. d4 d6 4. c4 Nb6 5. exd6 exd6 6. Nc3 Nc6 7. Be3 Bf5 8.
Nf3 Be7 9. Be2 O-O 10. O-O Bf6 11. b3 d5 12. c5 Nc8 13. Rc1 h6 14. Qd2 N8e7 15.
Rfd1 Re8 16. Ne1 Qd7 17. Bf3 Bg4 18. Bxg4 Qxg4 19. Nb5 Rac8 20. Bf4 Ng6 21. Be3
a6 22. h3 Qd7 23. Nc3 Nce7 24. Nf3 Nf5 1/2-1/2

[Event "30.Schlosspark-Open"]
[Site "Wiesbaden-Biebrich"]
[Date "2018.08.24"]
[Round "2.43"]
[White "Oezdemir, Ali Oezden"]
[Black "Pioch, Thomas"]
[Result "1/2-1/2"]
[WhiteElo "1982"]
[BlackElo "2110"]
[PlyCount "64"]
[EventDate "2018.??.??"]
[WhiteTeam "SK Langen"]
[BlackTeam "SF Mainz"]

1. e4 e6 2. d3 d5 3. Qe2 Nf6 4. Nf3 Be7 5. g3 b6 6. e5 Nfd7 7. Bg2 Bb7 8. O-O
O-O 9. Re1 Na6 10. h4 c6 11. Bf4 Nc7 12. Nbd2 Re8 13. Bh3 Rc8 14. Nf1 f5 15.
exf6 Bxf6 16. Ne5 Nxe5 17. Bxe5 Bxe5 18. Qxe5 c5 19. Ne3 Qf6 20. Ng2 Qxe5 21.
Rxe5 Rcd8 22. Nf4 Rd6 23. Rae1 Kf7 24. Bg4 d4 25. Nh3 h6 26. h5 Nd5 27. Bf3 Bc6
28. Be4 Ne7 29. Nf4 Bxe4 30. R5xe4 Nd5 31. Nxd5 Rxd5 32. Re5 Rxe5 1/2-1/2

[Event "30.Schlosspark-Open"]
[Site "Wiesbaden-Biebrich"]
[Date "2018.08.24"]
[Round "2.44"]
[White "Hoppe, Thilo"]
[Black "Tojcic, Josip"]
[Result "1-0"]
[WhiteElo "2083"]
[BlackElo "1750"]
[PlyCount "67"]
[EventDate "2018.??.??"]
[WhiteTeam "SC Bonn Beuel"]
[BlackTeam "Niederraeder TG"]

1. d4 d5 2. c4 Nf6 3. Nc3 Bf5 4. Nf3 c6 5. cxd5 Nxd5 6. Qb3 Nb6 7. e4 Bg6 8.
Be3 e6 9. a4 Qe7 10. a5 Nc8 11. Bd3 Qb4 12. Qc2 Be7 13. O-O Bd8 14. d5 exd5 15.
Nxd5 Qd6 16. Bc5 Qd7 17. Ne3 Bc7 18. Rfd1 Ne7 19. Bc4 Qc8 20. Qc3 Rg8 21. Qa3
Bd8 22. Ne5 Na6 23. Bd6 Nc7 24. f4 Nb5 25. Bxb5 cxb5 26. f5 Bh5 27. g4 f6 28.
Rac1 Nc6 29. Nxc6 bxc6 30. gxh5 Qb7 31. Qb3 Rh8 32. Qe6+ Be7 33. Rxc6 Rd8 34.
Rc7 1-0

[Event "30.Schlosspark-Open"]
[Site "Wiesbaden-Biebrich"]
[Date "2018.08.24"]
[Round "2.45"]
[White "Marzahn, Heiko"]
[Black "Kumar, Amod"]
[Result "1-0"]
[WhiteElo "2068"]
[BlackElo "1745"]
[PlyCount "163"]
[EventDate "2018.??.??"]
[WhiteTeam "Sfr. Erbach"]
[BlackTeam "SSV Rotation Berlin"]

1. e4 c6 2. d4 d5 3. exd5 cxd5 4. Bd3 Nc6 5. c3 Nf6 6. Bf4 g6 7. Nd2 Qb6 8. Rb1
Bg7 9. h3 Nh5 10. Be3 a5 11. Qf3 Nf6 12. Ne2 Qd8 13. Bf4 O-O 14. Qe3 Qd7 15.
Nf3 Qe6 16. Qc1 Nh5 17. Bh6 Qf6 18. Bxg7 Nxg7 19. Nf4 Qd6 20. O-O Bf5 21. Re1
Bxd3 22. Nxd3 Rac8 23. Qd2 Qf6 24. Re2 Nf5 25. Nde5 Nh4 26. Nh2 Nxe5 27. dxe5
Qf5 28. Rbe1 e6 29. Qh6 g5 30. Qh5 Qg6 31. Qg4 Rc4 32. Qg3 h5 33. Rd1 Rfc8 34.
Qe3 Re4 35. Qd3 Rcc4 36. Nf3 Nxf3+ 37. Qxf3 Rxe2 38. Qxe2 g4 39. Kh2 Qe4 40.
Re1 gxh3 41. Qxe4 dxe4 42. Kxh3 Kg7 43. Kg3 a4 44. a3 Kg6 45. Kf4 e3+ 46. Kxe3
Kf5 47. Rh1 h4 48. Rd1 Rc5 49. Rd4 Rxe5+ 50. Kf3 b5 51. Rxh4 Kg5 52. Rd4 f5 53.
Rd6 Kf6 54. Ra6 Rd5 55. c4 bxc4 56. Rxa4 Rd2 57. Rxc4 Rxb2 58. Rc3 Ra2 59. g3
Ke5 60. Ke3 Ra1 61. Rd3 Re1+ 62. Kd2 Ra1 63. f4+ Ke4 64. Re3+ Kd5 65. Kc2 Kd4
66. Kb2 Rg1 67. Rxe6 Rxg3 68. Re5 Kc4 69. Rxf5 Rg2+ 70. Kc1 Kb3 71. Ra5 Rf2 72.
f5 Rf4 73. Kd2 Rf2+ 74. Ke3 Rf1 75. Ke4 Kc4 76. Ke5 Rh1 77. Ke6 Re1+ 78. Kf7
Kb3 79. f6 Re2 80. Kf8 Re1 81. f7 Re2 82. Rg5 1-0

[Event "30.Schlosspark-Open"]
[Site "Wiesbaden-Biebrich"]
[Date "2018.08.24"]
[Round "2.46"]
[White "Seickel, Ralf"]
[Black "Viol, Julius"]
[Result "1-0"]
[WhiteElo "2050"]
[BlackElo "1666"]
[PlyCount "71"]
[EventDate "2018.??.??"]
[WhiteTeam "vereinslos"]
[BlackTeam "FC Bierstadt"]

1. c4 Nf6 2. g3 e6 3. Bg2 d5 4. Nf3 Be7 5. O-O O-O 6. b3 Nbd7 7. Bb2 Nb6 8. d3
a5 9. a4 c6 10. Nbd2 Nbd7 11. Qc2 Rb8 12. Rfd1 b5 13. Nd4 Qb6 14. cxb5 cxb5 15.
Nc6 Bc5 16. Nxb8 Bxf2+ 17. Kh1 Ng4 18. Nxd7 Bxd7 19. Rdc1 Bg1 20. d4 Bxd4 21.
Bxd4 Qxd4 22. h3 Nf2+ 23. Kh2 Qe3 24. Qc7 Be8 25. Qf4 Qb6 26. Rf1 Ne4 27. Nxe4
dxe4 28. Bxe4 f5 29. Bg2 Rf6 30. Rad1 Bh5 31. Bf3 Rh6 32. Bxh5 Rxh5 33. Rd6 Qc5
34. Rxe6 Qc2 35. Qb8+ Kf7 36. Qe8# 1-0

[Event "30.Schlosspark-Open"]
[Site "Wiesbaden-Biebrich"]
[Date "2018.08.24"]
[Round "2.47"]
[White "Meaubert, Thomas"]
[Black "Fischer, Daniel"]
[Result "1/2-1/2"]
[WhiteElo "1758"]
[BlackElo "2037"]
[PlyCount "48"]
[EventDate "2018.??.??"]
[WhiteTeam "SC Floersheim"]
[BlackTeam "SVG Offenburg"]

1. c4 d6 2. Nc3 e5 3. Nf3 f5 4. d4 e4 5. Ng5 c6 6. h4 Nf6 7. e3 Be7 8. Be2 O-O
9. Nh3 Na6 10. Nf4 Nc7 11. d5 cxd5 12. Ncxd5 Nfxd5 13. Nxd5 Nxd5 14. Qxd5+ Kh8
15. g3 Bf6 16. Rb1 Qe7 17. b3 Be6 18. Qd2 d5 19. Bb2 Bxb2 20. Qxb2 Qb4+ 21. Qd2
a5 22. cxd5 Bxd5 23. Rd1 Bc6 24. O-O Qxd2 1/2-1/2

[Event "30.Schlosspark-Open"]
[Site "Wiesbaden-Biebrich"]
[Date "2018.08.24"]
[Round "2.48"]
[White "Moes, Waldemar"]
[Black "Schneider, Luca"]
[Result "1/2-1/2"]
[WhiteElo "2015"]
[BlackElo "1480"]
[PlyCount "47"]
[EventDate "2018.??.??"]
[WhiteTeam "Zukertort Amsterdam"]
[BlackTeam "FC Bierstadt"]

1. d4 Nf6 2. Bf4 e6 3. e3 d5 4. Nd2 Be7 5. Bd3 Nbd7 6. h3 O-O 7. Ngf3 c5 8. c3
Qb6 9. Rb1 Nh5 10. Bh2 Nhf6 11. O-O Bd6 12. Ne5 Qc7 13. f4 b6 14. g4 Bb7 15.
Qf3 Rad8 16. g5 Ne8 17. Qh5 f5 18. Ndf3 Nxe5 19. Nxe5 Bxe5 20. fxe5 g6 21. Qe2
c4 22. Bc2 Qe7 23. Bf4 Ng7 24. h4 1/2-1/2

[Event "30.Schlosspark-Open"]
[Site "Wiesbaden-Biebrich"]
[Date "2018.08.24"]
[Round "2.49"]
[White "Stork, Christopher"]
[Black "Zimmer, Gerald"]
[Result "0-1"]
[WhiteElo "1720"]
[BlackElo "2001"]
[PlyCount "96"]
[EventDate "2018.??.??"]
[WhiteTeam "SV Oberursel"]
[BlackTeam "SC Bergen-Enkheim"]

1. e4 e6 2. d4 d5 3. exd5 exd5 4. Bd3 c5 5. c3 Nc6 6. Ne2 Nf6 7. O-O cxd4 8.
cxd4 Bd6 9. Nbc3 O-O 10. a3 a6 11. Qc2 Bd7 12. Bg5 Bxh2+ 13. Kh1 Bd6 14. Nxd5
Be7 15. Nxe7+ Qxe7 16. Bxh7+ Kh8 17. Bd3 Qd6 18. Qc5 Qxc5 19. dxc5 Ne5 20. Bxf6
Nxd3 21. Bd4 Rfe8 22. Ng3 Ba4 23. Nf5 f6 24. Nd6 Re2 25. b4 Bc6 26. Be3 Kh7 27.
Rad1 Ne5 28. Rfe1 Ra2 29. Ra1 Rc2 30. Kg1 Kg6 31. Bd4 Nd3 32. Re3 Nf4 33. Rae1
Rh8 34. Rg3+ Kh7 35. Nf5 Rg8 36. Re7 Ne2+ 37. Rxe2 Rxe2 38. Rh3+ Kg6 39. Nh4+
Kf7 40. Nf5 Re1+ 41. Kh2 Ke6 42. Bc3 Rf1 43. Nd4+ Kd7 44. Nxc6 Kxc6 45. Bd4 Rd8
46. Be3 Ra1 47. Rg3 Rh8+ 48. Rh3 Rxh3+ 0-1

[Event "30.Schlosspark-Open"]
[Site "Wiesbaden-Biebrich"]
[Date "2018.08.24"]
[Round "2.50"]
[White "Jakesevic, Ivan"]
[Black "Kropp, Volker"]
[Result "0-1"]
[WhiteElo "1623"]
[BlackElo "1998"]
[PlyCount "26"]
[EventDate "2018.??.??"]
[WhiteTeam "FC Bierstadt"]
[BlackTeam "SV Mainz-Mombach"]

1. Nf3 c5 2. c4 Nf6 3. e3 g6 4. d4 Bg7 5. Nc3 O-O 6. Be2 cxd4 7. exd4 d5 8. c5
b6 9. b4 a5 10. bxa5 bxc5 11. Be3 Qxa5 12. Qd2 Ne4 13. Nxe4 dxe4 0-1

[Event "30.Schlosspark-Open"]
[Site "Wiesbaden-Biebrich"]
[Date "2018.08.24"]
[Round "2.51"]
[White "Werner, Rosalie"]
[Black "Guelsen, Taylan"]
[Result "0-1"]
[WhiteElo "1536"]
[BlackElo "2207"]
[PlyCount "64"]
[EventDate "2018.??.??"]
[WhiteTeam "VSG Offenbach"]
[BlackTeam "SG Niederkassel"]

1. e4 g6 2. d4 Bg7 3. Nc3 d6 4. Be3 a6 5. Be2 b5 6. a3 Bb7 7. f3 Nd7 8. Qd2 c5
9. dxc5 Nxc5 10. Bd4 e5 11. Be3 Ne6 12. O-O-O Nd4 13. f4 Ne7 14. Bf3 Rc8 15.
Nge2 Nec6 16. Kb1 O-O 17. h4 h5 18. f5 Qa5 19. Bh6 Nxe2 20. Bxe2 Nd4 21. Bxg7
Kxg7 22. Qg5 Rxc3 23. Bxh5 Bxe4 24. f6+ Kh7 25. Bxg6+ Bxg6 26. h5 Bxc2+ 27. Ka2
Rg8 28. Qd2 b4 29. Rh3 Rxh3 30. gxh3 b3+ 31. Ka1 Qxd2 32. Rf1 Bd1 0-1

[Event "30.Schlosspark-Open"]
[Site "Wiesbaden-Biebrich"]
[Date "2018.08.24"]
[Round "2.52"]
[White "Koch, Markus"]
[Black "Bratmann, Marc"]
[Result "1-0"]
[WhiteElo "2122"]
[BlackElo "1758"]
[PlyCount "73"]
[EventDate "2018.??.??"]
[WhiteTeam "SC Brett vorm Kopp"]
[BlackTeam "TuS Dotzheim"]

1. Nf3 d5 2. c4 c6 3. e3 Nf6 4. Nc3 a6 5. Qc2 b5 6. b3 e6 7. Bb2 Be7 8. g4 Bb7
9. g5 Nfd7 10. Rg1 Qc7 11. Be2 e5 12. cxd5 cxd5 13. O-O-O b4 14. Na4 Qxc2+ 15.
Kxc2 Nc6 16. d4 Rc8 17. Kb1 Bd6 18. dxe5 Ncxe5 19. Nd4 O-O 20. f4 Ng6 21. Nf5
Bb8 22. Bxg7 Rfe8 23. Bg4 Rcd8 24. Bd4 Ne7 25. Nh6+ Kf8 26. Nc5 Nxc5 27. Bxc5
Bd6 28. Bd4 Bc8 29. h3 Bxg4 30. hxg4 Rc8 31. Rh1 Bc5 32. Bf6 Bxe3 33. Nf5 Nxf5
34. Rxh7 Ne7 35. Rh8+ Ng8 36. a4 d4 37. Rxg8+ 1-0

[Event "30.Schlosspark-Open"]
[Site "Wiesbaden-Biebrich"]
[Date "2018.08.24"]
[Round "2.53"]
[White "Koellner, Christof"]
[Black "Rabiya, Karim"]
[Result "1-0"]
[WhiteElo "2111"]
[BlackElo "1750"]
[PlyCount "69"]
[EventDate "2018.??.??"]
[WhiteTeam "SV Bergneustadt/Derschlag"]
[BlackTeam "SK Niederbrechen"]

1. d4 Nf6 2. Bg5 e6 3. Nd2 h6 4. Bh4 Be7 5. e3 b6 6. Bd3 Bb7 7. Ngf3 O-O 8. O-O
d5 9. Ne5 c5 10. c3 Nfd7 11. Bxe7 Qxe7 12. f4 Nxe5 13. fxe5 Ba6 14. Bxa6 Nxa6
15. Qe2 Nc7 16. Qg4 Qg5 17. Qh3 cxd4 18. cxd4 Rac8 19. Rf3 Kh7 20. Raf1 f5 21.
exf6 Rxf6 22. Rxf6 gxf6 23. Rc1 Kg6 24. Nb1 Kf7 25. Na3 a6 26. Qf3 Ke7 27. Qe2
Qf5 28. Qd2 e5 29. Qb4+ Kf7 30. Qxb6 Qd3 31. Rxc7+ Rxc7 32. Qxc7+ Kg6 33. Qc2
Qe4 34. Qd3 Qxd3 35. Nb1 1-0

[Event "30.Schlosspark-Open"]
[Site "Wiesbaden-Biebrich"]
[Date "2018.08.24"]
[Round "2.54"]
[White "Donecker, Stefan"]
[Black "Frey, Thomas"]
[Result "0-1"]
[WhiteElo "1754"]
[BlackElo "2051"]
[PlyCount "88"]
[EventDate "2018.??.??"]
[WhiteTeam "TuS Dotzheim"]
[BlackTeam "SV Reutlingen"]

1. d4 Nf6 2. Nc3 d5 3. Bg5 e6 4. e3 Be7 5. Nf3 Nbd7 6. Be2 O-O 7. O-O b6 8. Ne5
Nxe5 9. dxe5 Nd7 10. Bf4 Bb7 11. e4 dxe4 12. Bb5 Nc5 13. Qe2 a6 14. Rfd1 Qc8
15. Bc4 b5 16. Bb3 Bc6 17. Qg4 Kh8 18. Ne2 Qb7 19. Nd4 Rad8 20. Nxc6 Qxc6 21.
Be3 a5 22. Bxc5 Bxc5 23. c3 e3 24. fxe3 Bxe3+ 25. Kh1 Bh6 26. Qh4 Qa8 27. a4
bxa4 28. Qxa4 Qb7 29. Bc2 Rxd1+ 30. Rxd1 Qxb2 31. Qe4 g6 32. h4 Qxc3 33. Kh2
Qe3 34. Qxe3 Bxe3 35. Kg3 h5 36. Kf3 Bb6 37. Kf4 Kg7 38. Rd7 Rb8 39. g4 hxg4
40. Kxg4 Bf2 41. h5 gxh5+ 42. Kf3 Bg1 43. Kg2 Rb2 44. Rxc7 Bd4 0-1

[Event "30.Schlosspark-Open"]
[Site "Wiesbaden-Biebrich"]
[Date "2018.08.24"]
[Round "2.55"]
[White "Ziegler, Joerg"]
[Black "Cichy, Michael"]
[Result "0-1"]
[WhiteElo "1744"]
[BlackElo "2036"]
[PlyCount "60"]
[EventDate "2018.??.??"]
[WhiteTeam "BKA Wiesbaden"]
[BlackTeam "SC BS Gliesmarode"]

1. e4 c5 2. Nf3 e6 3. d4 cxd4 4. Nxd4 Nc6 5. Be2 Nf6 6. f3 Qc7 7. O-O Nxd4 8.
Kh1 Nxc2 9. Bg5 Nxa1 10. Nc3 a6 11. Qxa1 Be7 12. Qe1 h6 13. Be3 b5 14. Qf2 Bb7
15. g3 O-O 16. a3 Rac8 17. Rc1 Qb8 18. Ba7 Qa8 19. Be3 e5 20. Bf1 d5 21. exd5
Nxd5 22. Nxd5 Bxd5 23. Bg2 Rxc1+ 24. Bxc1 Qc6 25. Be3 Rc8 26. Bd2 Bc5 27. Qe1
Bxf3 28. Qf1 Bxg2+ 29. Qxg2 Qxg2+ 30. Kxg2 Bxa3 0-1

[Event "30.Schlosspark-Open"]
[Site "Wiesbaden-Biebrich"]
[Date "2018.08.24"]
[Round "2.56"]
[White "Niedenthal, Robert"]
[Black "Guertler, Karl-Heinz"]
[Result "0-1"]
[WhiteElo "1722"]
[BlackElo "1908"]
[PlyCount "70"]
[EventDate "2018.??.??"]
[WhiteTeam "SV Hofheim"]
[BlackTeam "SC Ober-Ramstadt"]

1. c4 d6 2. Nc3 e5 3. g3 f5 4. d3 Nf6 5. Bg2 c6 6. e3 Be7 7. Nge2 O-O 8. O-O
Be6 9. b3 Na6 10. Bb2 Bf7 11. a3 Nc5 12. Qc2 Bg6 13. b4 Ne6 14. h3 Qd7 15. Rad1
Ng5 16. f4 Ne6 17. e4 exf4 18. Nxf4 Nxf4 19. Rxf4 Nh5 20. Rf3 fxe4 21. Nxe4
Rxf3 22. Bxf3 Qxh3 23. Bg2 Qg4 24. Re1 Re8 25. Qf2 Bxe4 26. Rxe4 Qd7 27. Bf1
Rf8 28. Rf4 Nxf4 29. gxf4 Qg4+ 30. Bg2 Rxf4 31. Qxa7 Qd1+ 32. Kh2 Rh4+ 33. Kg3
Qxd3+ 34. Bf3 Qg6+ 35. Kf2 Rh2+ 0-1

[Event "30.Schlosspark-Open"]
[Site "Wiesbaden-Biebrich"]
[Date "2018.08.24"]
[Round "2.57"]
[White "Schmidt, Volker"]
[Black "Senatov, Boris"]
[Result "1-0"]
[WhiteElo "1905"]
[BlackElo "1733"]
[PlyCount "59"]
[EventDate "2018.??.??"]
[WhiteTeam "TuS Dotzheim"]
[BlackTeam "SC Heusenstamm"]

1. c4 e5 2. g3 Nf6 3. Bg2 d5 4. cxd5 Nxd5 5. Nc3 Nb6 6. Nf3 Nc6 7. O-O Be7 8.
d3 O-O 9. a3 Be6 10. b4 f6 11. Rb1 a5 12. b5 Nd4 13. e3 Nd5 14. Nxd5 Bxd5 15.
exd4 exd4 16. a4 Bf7 17. Bb2 Bc5 18. Qc2 Bb6 19. Rfe1 Qd7 20. Ba3 Rfc8 21. Nd2
Rab8 22. Nc4 h6 23. Qd2 Bxc4 24. dxc4 c5 25. bxc6 bxc6 26. Re7 Qf5 27. Rbe1 Kh8
28. Bd6 Ra8 29. Rb7 Bd8 30. Re8+ 1-0